| 000 | nam a22 7a 4500 | ||
|---|---|---|---|
| 999 |
_c17083 _d17083 |
||
| 008 | 161121b xxu||||| |||| 00| 0 eng d | ||
| 020 | _a0131311115 | ||
| 050 | _aHQ 767.9 .N44 1990 | ||
| 100 | _aPrentice-Hall, Inc. | ||
| 245 |
_aChild Development: _broles, responsibilities, resources/ _cPrentice-Hall, Inc. |
||
| 260 |
_aNedham, Mass.: _bPrentice-Hall, _c1990 |
||
| 300 |
_axv, 496p. : _bill. ; _c26 cm |
||
| 500 | _aIncludes index. | ||
| 650 |
_aChild development. _xParenting. |
||
| 942 |
_2lcc _cBOOKS _hHQ 767.9 .N44 1990 |
||